| 000 | 01067cam a22002771i 4500 | ||
|---|---|---|---|
| 003 | SA-RiAUC | ||
| 005 | 20240916132135.0 | ||
| 008 | 240912s2007 su g 00010 ara c | ||
| 040 |
_aSA-RiAUC _bara _cSA-RiAUC _erda |
||
| 082 | 0 | 4 | _a253 |
| 082 | 0 | 4 | _a253 |
| 090 |
_a253 ا م ي _bا م ي |
||
| 100 | 1 |
_aالأمير، محمد أبو زيد _eمؤلف. |
|
| 245 | 1 | 2 |
_aالتضخم النقدي في ظل السياسة الشرعية وأثره في عقود المعاوضات المالية الحالة والآجلة / _cمحمد أبو زيد الأمير. |
| 250 | _aالطبعة الأولى. | ||
| 264 | 1 |
_aالرياض : _bمكتبة الرشد، _c2007 |
|
| 300 |
_a112 صفحة ؛ _c20 سم |
||
| 336 |
_aنص _btxt _2rdacontent _3كتاب |
||
| 337 |
_aبدون وسيط _bn _2rdamedia |
||
| 338 |
_aمجلد _bnc _2rdacarrier |
||
| 650 | 7 |
_aالمعاملات (فقه إسلامي) _2aucsh |
|
| 650 | 7 |
_aالنقود _2aucsh |
|
| 650 | 7 |
_aالتضخم المالي _2aucsh |
|
| 942 |
_2ddc _cBOOK |
||
| 949 |
_aSA-JeALM _d240912 _umohamedma123 _n1 |
||
| 999 |
_c297 _d297 |
||